[Event "HUN-chT2 Breyer 1819"]
[Site "Hungary"]
[Date "2019.03.31"]
[Round "8.2"]
[White "Bohus, Adam"]
[Black "Lehmann, Zoltan"]
[Result "1-0"]
[WhiteElo "2266"]
[BlackElo "2260"]
[PlyCount "57"]
[EventDate "2018.10.28"]
[EventType "team-tourn"]
[EventRounds "9"]
[EventCountry "HUN"]
[SourceTitle "EXT 2021"]
[Source "ChessBase"]
[SourceDate "2020.10.23"]
[SourceVersion "1"]
[SourceVersionDate "2020.10.23"]
[SourceQuality "1"]
[WhiteTeam "Naszaly Geniusz Tata"]
[BlackTeam "Torokbalint"]
[WhiteTeamCountry "HUN"]
[BlackTeamCountry "HUN"]

1. d4 e6 2. c4 f5 3. Nf3 Nf6 4. g3 c6 5. Bg2 d5 6. 0-0 Bd6 7. b3 Qe7 8. a4 a5 9. Ba3 Bxa3 10. Nxa3 0-0 11. Nc2 Bd7 12. c5 Be8 13. b4 Nbd7 14. Qb1 e5 15. bxa5 exd4 16. Qxb7 Rb8 17. Qc7 Qxe2 18. Ncxd4 Qa6 19. Nxc6 Rb7 20. Qd6 Nxc5 21. Ne7+ Rxe7 22. Qxe7 Qxa5 23. Nd4 Bd7 24. Rfc1 Re8 25. Qd6 Nd3 26. Rd1 Nb2 27. Rdb1 Nc4 28. Qb4 Qa7 29. Bxd5+ 1-0

[Event "HUN-chT2 Breyer 1314"]
[Site "Hungary"]
[Date "2013.09.08"]
[Round "1"]
[White "Lehmann, Zoltan"]
[Black "Gyurkovics, Bence"]
[Result "1/2-1/2"]
[WhiteElo "2294"]
[BlackElo "2211"]
[PlyCount "73"]
[EventDate "2013.09.08"]
[EventType "team-tourn"]
[EventRounds "9"]
[EventCountry "HUN"]
[SourceTitle "EXT 2016"]
[Source "ChessBase"]
[SourceDate "2015.10.08"]
[SourceVersion "1"]
[SourceVersionDate "2015.10.08"]
[SourceQuality "1"]
[WhiteTeam "Torokbalint"]
[BlackTeam "Gyor Komszomol"]
[WhiteTeamCountry "HUN"]
[BlackTeamCountry "HUN"]

1. c4 Nf6 2. Nc3 e6 3. Nf3 d5 4. e3 Be7 5. d4 0-0 6. Be2 b6 7. 0-0 Bb7 8. Ne5 Nbd7 9. f4 dxc4 10. Bxc4 c5 11. Qe2 Rc8 12. Rd1 Qc7 13. b3 Nxe5 14. dxe5 Ne4 15. Nb5 Qb8 16. Bb2 a6 17. Nd6 Nxd6 18. exd6 Bxd6 19. Qg4 e5 20. Bd5 Bxd5 21. Rxd5 Rce8 22. Rad1 Re6 23. f5 Rf6 24. Qg3 Bc7 25. Bxe5 Bxe5 26. Qxe5 Qxe5 27. Rxe5 Rc8 28. Rd7 h5 29. e4 b5 30. Red5 Rfc6 31. Rd8+ Rxd8 32. Rxd8+ Kh7 33. Kf2 g6 34. Rd7 Kg7 35. fxg6 Kxg6 36. Ke3 f6 37. Rd5 1/2-1/2

[Event "HUN-chT2 Breyer 1213"]
[Site "Hungary"]
[Date "2013.04.07"]
[Round "10.2"]
[White "Csire, Bence"]
[Black "Lehmann, Zoltan"]
[Result "1/2-1/2"]
[WhiteElo "2081"]
[BlackElo "2308"]
[PlyCount "82"]
[EventDate "2012.09.16"]
[EventType "team-tourn"]
[EventRounds "11"]
[EventCountry "HUN"]
[SourceTitle "EXT 2014"]
[Source "ChessBase"]
[SourceDate "2013.11.20"]
[SourceVersion "1"]
[SourceVersionDate "2013.11.20"]
[SourceQuality "1"]
[WhiteTeam "MAV Elore"]
[BlackTeam "Torokbalint"]
[WhiteTeamCountry "HUN"]
[BlackTeamCountry "HUN"]

1. e4 e5 2. Nf3 Nc6 3. Bb5 a6 4. Ba4 Nf6 5. 0-0 b5 6. Bb3 Bc5 7. Re1 0-0 8. c3 d6 9. d4 Bb6 10. h3 h6 11. Bc2 exd4 12. Nxd4 Bb7 13. Be3 Nxd4 14. Bxd4 c5 15. Bxf6 Qxf6 16. Nd2 Rfe8 17. Qf3 Qg5 18. Qe3 Qxe3 19. Rxe3 d5 20. Ree1 Rad8 21. exd5 Bxd5 22. Be4 Bxe4 23. Nxe4 Re6 24. Kf1 c4 25. f3 f5 26. Ng3 Rxe1+ 27. Rxe1 Rd2 28. Re2 Rd1+ 29. Re1 Rd2 30. Re2 Rd1+ 31. Re1 Rxe1+ 32. Kxe1 g6 33. Ne2 Kf7 34. Nf4 Ba5 35. Ke2 g5 36. Nd5 Ke6 37. Ne3 Bb6 38. g4 Bxe3 39. Kxe3 Ke5 40. Ke2 Kf4 41. Kf2 a5 1/2-1/2

[Event "HUN-chT2 Breyer 1213"]
[Site "Hungary"]
[Date "2012.10.07"]
[Round "2.2"]
[White "Lehmann, Zoltan"]
[Black "Horeczky, Tibor"]
[Result "1/2-1/2"]
[WhiteElo "2308"]
[BlackElo "2187"]
[PlyCount "43"]
[EventDate "2012.09.16"]
[EventType "team-tourn"]
[EventRounds "11"]
[EventCountry "HUN"]
[SourceTitle "EXT 2014"]
[Source "ChessBase"]
[SourceDate "2013.11.20"]
[SourceVersion "1"]
[SourceVersionDate "2013.11.20"]
[SourceQuality "1"]
[WhiteTeam "Torokbalint"]
[BlackTeam "Szazhalombatta"]
[WhiteTeamCountry "HUN"]
[BlackTeamCountry "HUN"]

1. d4 Nf6 2. Nf3 g6 3. Nc3 d5 4. Bf4 Bg7 5. e3 0-0 6. h3 c5 7. Be2 Nc6 8. Ne5 cxd4 9. exd4 Qb6 10. Nxc6 bxc6 11. Na4 Qa5+ 12. c3 Nd7 13. 0-0 e5 14. dxe5 Nxe5 15. Re1 Re8 16. Bf1 Bf5 17. b3 Re7 18. Bg5 f6 19. Be3 Rae8 20. Kh1 h5 21. Bc5 Re6 22. Be3 1/2-1/2

[Event "HUN-chT2 Breyer 1213"]
[Site "Hungary"]
[Date "2012.09.16"]
[Round "1.2"]
[White "Meixner, Ferenc"]
[Black "Lehmann, Zoltan"]
[Result "1/2-1/2"]
[WhiteElo "2028"]
[BlackElo "2308"]
[PlyCount "48"]
[EventDate "2012.09.16"]
[EventType "team-tourn"]
[EventRounds "11"]
[EventCountry "HUN"]
[SourceTitle "EXT 2014"]
[Source "ChessBase"]
[SourceDate "2013.11.20"]
[SourceVersion "1"]
[SourceVersionDate "2013.11.20"]
[SourceQuality "1"]
[WhiteTeam "Zoltek"]
[BlackTeam "Torokbalint"]
[WhiteTeamCountry "HUN"]
[BlackTeamCountry "HUN"]

1. e4 e6 2. Nf3 d5 3. e5 c5 4. b4 cxb4 5. d4 Nc6 6. a3 Qa5 7. Bd2 Bd7 8. c3 Nh6 9. Qb3 Rc8 10. Bd3 a6 11. 0-0 bxa3 12. Nxa3 Qc7 13. Rfb1 Na5 14. Qa2 Bxa3 15. Qxa3 Nc4 16. Bxc4 dxc4 17. Qb4 Bc6 18. Qxc4 Bxf3 19. Qxc7 Rxc7 20. gxf3 Kd7 21. Kf1 Nf5 22. Ke2 Kc6 23. Kd3 Rd8 24. Be3 Rcd7 1/2-1/2

[Event "HUN-chT2 Breyer 1011"]
[Site "Hungary"]
[Date "2010.09.12"]
[Round "1.5"]
[White "Roos, Jean Luc"]
[Black "Lehmann, Zoltan"]
[Result "0-1"]
[WhiteElo "2253"]
[BlackElo "2303"]
[PlyCount "46"]
[EventDate "2010.09.12"]
[EventType "team-tourn"]
[EventRounds "11"]
[EventCountry "HUN"]
[SourceTitle "EXT 2012"]
[Source "ChessBase"]
[SourceDate "2011.11.24"]
[SourceVersion "1"]
[SourceVersionDate "2011.11.24"]
[SourceQuality "1"]
[WhiteTeam "Sarkany"]
[BlackTeam "Torokbalint"]
[WhiteTeamCountry "HUN"]
[BlackTeamCountry "HUN"]

1. e4 e6 2. d4 d5 3. Nd2 c5 4. exd5 exd5 5. Ngf3 Nf6 6. Bb5+ Bd7 7. Bxd7+ Nbxd7 8. 0-0 Be7 9. dxc5 Nxc5 10. Nb3 Nce4 11. Nfd4 Qd7 12. Qf3 0-0 13. Qf5 Rfe8 14. Bf4 Rac8 15. c3 Qa4 16. Be5 Nd6 17. Bxd6 Bxd6 18. Rfd1 Qc4 19. Qf3 Bb8 20. Nf5 Qe4 21. Nbd4 Re5 22. Ng3 Qg6 23. Qd3 Re1+ 0-1

[Event "HUN-chT2 Charousek 0708"]
[Site "Hungary"]
[Date "2007.11.11"]
[Round "2"]
[White "Vegh, Endre"]
[Black "Lehmann, Zoltan"]
[Result "1-0"]
[WhiteElo "2303"]
[BlackElo "2314"]
[PlyCount "137"]
[EventDate "2007.10.14"]
[EventType "team"]
[EventRounds "11"]
[EventCountry "HUN"]
[SourceTitle "EXT 2009"]
[Source "ChessBase"]
[SourceDate "2008.11.26"]
[SourceVersion "1"]
[SourceVersionDate "2008.11.26"]
[SourceQuality "1"]
[WhiteTeam "Dunaharaszti"]
[BlackTeam "Tapolca"]
[WhiteTeamCountry "HUN"]
[BlackTeamCountry "HUN"]

1. d4 e6 2. c4 f5 3. Nc3 Nf6 4. Qc2 Bb4 5. e3 b6 6. Bd3 Bb7 7. Nge2 0-0 8. f3 c5 9. Bd2 Nc6 10. a3 Bxc3 11. Bxc3 cxd4 12. exd4 Ne7 13. 0-0 Rc8 14. b4 b5 15. c5 Nfd5 16. Bd2 Bc6 17. a4 a6 18. axb5 axb5 19. Ra5 Ra8 20. Rfa1 Rb8 21. Nc1 h6 22. Qd1 f4 23. Qe2 Nf5 24. Bxf5 Rxf5 25. Nd3 g5 26. Ne5 Ne7 27. Ra7 Bd5 28. Rc1 Ra8 29. Rxa8 Bxa8 30. Ra1 Bc6 31. Be1 Qb8 32. Qa2 Rf8 33. Qa7 Qc8 34. Qa2 Qb7 35. Qc2 Rf5 36. Ra5 Nd5 37. Qa2 Ne3 38. Ra7 Qc8 39. Nxd7 Nc4 40. Bc3 Rf7 41. Nb6 Rxa7 42. Qxa7 Nxb6 43. Qxb6 Kf7 44. Qa7+ Qb7 45. Qa1 Bd5 46. Qb1 Kg7 47. Qe1 Qb8 48. h4 Kg6 49. Qb1+ Kg7 50. h5 Qe8 51. c6 Qxh5 52. c7 Qe8 53. Qe1 Qc6 54. Qe5+ Kg6 55. Bd2 Kh7 56. Kh2 Kg6 57. Qh8 Qxc7 58. Qe8+ Kf6 59. Qxb5 Bc6 60. Qc5 Qd7 61. Qf8+ Kg6 62. Qg8+ Kf6 63. Bc3 Qd5 64. Qf8+ Kg6 65. Qc5 Kf7 66. Kg1 Kg6 67. Bb2 Kf7 68. Qc2 Kg7 69. Qxc6 1-0

[Event "HUN-chT2 Charousek 0708"]
[Site "Hungary"]
[Date "2007.10.14"]
[Round "1"]
[White "Lehmann, Zoltan"]
[Black "Ivan, Attila"]
[Result "1/2-1/2"]
[WhiteElo "2314"]
[BlackElo "2292"]
[PlyCount "22"]
[EventDate "2007.10.14"]
[EventType "team"]
[EventRounds "11"]
[EventCountry "HUN"]
[SourceTitle "EXT 2009"]
[Source "ChessBase"]
[SourceDate "2008.11.26"]
[SourceVersion "1"]
[SourceVersionDate "2008.11.26"]
[SourceQuality "1"]
[WhiteTeam "Tapolca"]
[BlackTeam "Pannonpower"]
[WhiteTeamCountry "HUN"]
[BlackTeamCountry "HUN"]

1. d4 Nf6 2. Nf3 g6 3. Nc3 d6 4. e4 Bg7 5. Be2 0-0 6. 0-0 Nc6 7. h3 e5 8. Be3 Re8 9. dxe5 dxe5 10. Qxd8 Rxd8 11. Rfd1 Be6 1/2-1/2

[Event "HUN-chT2 Charousek 0607"]
[Site "Hungary"]
[Date "2007.04.15"]
[Round "8"]
[White "Lehmann, Zoltan"]
[Black "Zentai, Gyorgy"]
[Result "1-0"]
[WhiteElo "2303"]
[BlackElo "2207"]
[PlyCount "30"]
[EventDate "2006.11.12"]
[EventType "team"]
[EventRounds "11"]
[EventCountry "HUN"]
[SourceTitle "EXT 2008"]
[Source "ChessBase"]
[SourceDate "2007.11.25"]
[SourceVersion "1"]
[SourceVersionDate "2007.11.25"]
[SourceQuality "1"]
[WhiteTeam "Tapolca"]
[BlackTeam "Penzugyor"]
[WhiteTeamCountry "HUN"]
[BlackTeamCountry "HUN"]

1. d4 d5 2. Nf3 e6 3. e3 Nf6 4. b3 Nbd7 5. Bb2 Bd6 6. Bd3 0-0 7. Nbd2 b6 8. e4 dxe4 9. Nxe4 Be7 10. 0-0 Bb7 11. Re1 Rc8 12. c4 c5 13. Qe2 cxd4 14. Nxd4 Nc5 15. Nxc5 Bxc5 1-0

[Event "HUN-chT2 Charousek 0607"]
[Site "Hungary"]
[Date "2007.02.18"]
[Round "5"]
[White "Keresztes, Richard"]
[Black "Lehmann, Zoltan"]
[Result "1/2-1/2"]
[WhiteElo "2291"]
[BlackElo "2303"]
[PlyCount "62"]
[EventDate "2006.11.12"]
[EventType "team"]
[EventRounds "11"]
[EventCountry "HUN"]
[SourceTitle "EXT 2008"]
[Source "ChessBase"]
[SourceDate "2007.11.25"]
[SourceVersion "1"]
[SourceVersionDate "2007.11.25"]
[SourceQuality "1"]
[WhiteTeam "Barcza"]
[BlackTeam "Tapolca"]
[WhiteTeamCountry "HUN"]
[BlackTeamCountry "HUN"]

1. d4 e6 2. c4 f5 3. Nf3 Nf6 4. Nc3 Bb4 5. Bd2 a5 6. e3 0-0 7. Bd3 d6 8. a3 Bxc3 9. Bxc3 a4 10. Qc2 b6 11. 0-0 Kh8 12. d5 exd5 13. Bxf5 Bxf5 14. Qxf5 dxc4 15. Ng5 Qd7 16. Qf3 Nc6 17. Ne6 Qxe6 18. Qxc6 Qf7 19. Rad1 Rae8 20. Rd4 d5 21. Rf4 Re6 22. Qxa4 c6 23. h3 Qe7 24. Qa6 Qc7 25. Rf3 Ree8 26. Bd4 c5 27. Bxf6 Rxf6 28. Rxf6 gxf6 29. Rd1 Qc6 30. Qa7 Kg8 31. a4 Qd6 1/2-1/2

[Event "HUN-chT2 Charousek 0506"]
[Site "Hungary"]
[Date "2006.03.19"]
[Round "9"]
[White "Lehmann, Zoltan"]
[Black "Fenyes, Gabor"]
[Result "1-0"]
[WhiteElo "2312"]
[BlackElo "2024"]
[PlyCount "57"]
[EventDate "2005.10.16"]
[EventType "team"]
[EventRounds "11"]
[EventCountry "HUN"]
[SourceTitle "EXT 2009"]
[Source "ChessBase"]
[SourceDate "2008.11.26"]
[SourceVersion "1"]
[SourceVersionDate "2008.11.26"]
[SourceQuality "1"]
[WhiteTeam "Tapolca"]
[BlackTeam "Szentendre"]
[WhiteTeamCountry "HUN"]
[BlackTeamCountry "HUN"]

1. c4 Nf6 2. Nc3 e6 3. Nf3 Bb4 4. Qc2 d5 5. a3 Bxc3 6. Qxc3 0-0 7. b4 Nc6 8. Bb2 Re8 9. d4 Ne4 10. Qb3 Ne7 11. e3 Ng6 12. Bd3 f5 13. 0-0 Nh4 14. Nxh4 Qxh4 15. Qc2 c6 16. f3 Nf6 17. Rae1 Qg5 18. Qf2 Bd7 19. Bc1 e5 20. dxe5 Nh5 21. f4 Qe7 22. Bb2 Be6 23. cxd5 cxd5 24. Bd4 b6 25. Rc1 Rec8 26. Ba6 Rc7 27. Qd2 Bc8 28. Be2 g6 29. Bxb6 1-0

[Event "HUN-chT2 Charousek 0506"]
[Site "Hungary"]
[Date "2006.02.26"]
[Round "8"]
[White "Toth, Jozsef2222"]
[Black "Lehmann, Zoltan"]
[Result "0-1"]
[WhiteElo "2208"]
[BlackElo "2312"]
[PlyCount "40"]
[EventDate "2005.10.16"]
[EventType "team"]
[EventRounds "11"]
[EventCountry "HUN"]
[SourceTitle "EXT 2009"]
[Source "ChessBase"]
[SourceDate "2008.11.26"]
[SourceVersion "1"]
[SourceVersionDate "2008.11.26"]
[SourceQuality "1"]
[WhiteTeam "Gyor Elektromos"]
[BlackTeam "Tapolca"]
[WhiteTeamCountry "HUN"]
[BlackTeamCountry "HUN"]

1. d4 d5 2. Nf3 Nf6 3. Bf4 c5 4. e3 Qb6 5. Qc1 Nc6 6. c3 Bf5 7. Nh4 Bd7 8. Be2 Rc8 9. Nf3 Bf5 10. Nbd2 h6 11. h3 cxd4 12. exd4 Nb4 13. 0-0 Bd3 14. Qd1 Qa6 15. Bxd3 Nxd3 16. Bg3 Nxb2 17. Qb3 Nc4 18. Rfb1 b6 19. a4 Na5 20. Re1 Nxb3 0-1

[Event "HUN-chT2 Charousek 0405"]
[Site "Hungary"]
[Date "2005.02.20"]
[Round "8"]
[White "Taskovits, Istvan"]
[Black "Lehmann, Zoltan"]
[Result "1/2-1/2"]
[WhiteElo "2330"]
[BlackElo "2324"]
[PlyCount "78"]
[EventDate "2004.09.26"]
[EventType "team"]
[EventRounds "11"]
[EventCountry "HUN"]
[SourceTitle "EXT 2008"]
[Source "ChessBase"]
[SourceDate "2007.11.25"]
[SourceVersion "1"]
[SourceVersionDate "2007.11.25"]
[SourceQuality "1"]
[WhiteTeam "Decs"]
[BlackTeam "Tapolca"]
[WhiteTeamCountry "HUN"]
[BlackTeamCountry "HUN"]

1. d4 Nf6 2. c4 e6 3. Nc3 Bb4 4. Qc2 0-0 5. Bg5 d6 6. e3 Nbd7 7. Bd3 h6 8. Bh4 Bxc3+ 9. Qxc3 e5 10. f3 Qe8 11. Ne2 e4 12. Bc2 b6 13. 0-0 Bb7 14. f4 d5 15. c5 Ba6 16. Rfe1 Qe6 17. Bxf6 Nxf6 18. Bb3 Rfb8 19. Rac1 Bxe2 20. Rxe2 b5 21. Rf1 c6 22. Qe1 Qf5 23. Bd1 Kf8 24. h3 h5 25. Qh4 Ke7 26. Ref2 Rh8 27. Qg5 Qd7 28. Qe5+ Kf8 29. Qg5 Rh6 30. f5 Qc7 31. Rf4 Re8 32. Rh4 Nh7 33. Qf4 Qxf4 34. Rfxf4 Nf6 35. Rf1 Ke7 36. Kh2 Rg8 37. Rf2 Kd7 38. Kg3 Ke7 39. Rhf4 Rgh8 1/2-1/2

[Event "HUN-chT2 Charousek 0405"]
[Site "Hungary"]
[Date "2005.02.06"]
[Round "7"]
[White "Szobi, Geza Jr"]
[Black "Lehmann, Zoltan"]
[Result "0-1"]
[WhiteElo "2176"]
[BlackElo "2324"]
[PlyCount "80"]
[EventDate "2004.09.26"]
[EventType "team"]
[EventRounds "11"]
[EventCountry "HUN"]
[SourceTitle "EXT 2008"]
[Source "ChessBase"]
[SourceDate "2007.11.25"]
[SourceVersion "1"]
[SourceVersionDate "2007.11.25"]
[SourceQuality "1"]
[WhiteTeam "Geniusz Tata"]
[BlackTeam "Tapolca"]
[WhiteTeamCountry "HUN"]
[BlackTeamCountry "HUN"]

1. d4 e6 2. c4 f5 3. Nf3 Nf6 4. g3 c6 5. Bg2 d5 6. b3 Bd6 7. 0-0 Qe7 8. Bb2 0-0 9. Qc1 Bd7 10. Ba3 Be8 11. Bxd6 Qxd6 12. Qa3 Qc7 13. Nc3 Nbd7 14. Rac1 Qd8 15. Ng5 Bf7 16. f3 Nh5 17. Nxf7 Rxf7 18. e4 dxe4 19. fxe4 Qg5 20. d5 Qe3+ 21. Kh1 Nxg3+ 22. hxg3 Rf6 23. Bf3 fxe4 24. Nd1 Rh6+ 25. Kg2 Qd2+ 26. Be2 Qxe2+ 27. Rf2 Qh5 28. Kf1 Qg4 29. Ke1 Qxg3 30. Rc3 Rh1+ 31. Kd2 Rxd1+ 32. Kxd1 Qxf2 33. dxe6 Qd4+ 34. Kc2 e3 35. Rd3 Qe4 36. exd7 e2 37. Kb2 Qxd3 38. Qe7 Qd2+ 39. Ka3 Qa5+ 40. Kb2 Qd8 0-1

[Event "HUN-chT2 Charousek 0405"]
[Site "Hungary"]
[Date "2004.11.21"]
[Round "3"]
[White "Lehmann, Zoltan"]
[Black "Nemeth, Zoltan"]
[Result "0-1"]
[WhiteElo "2324"]
[BlackElo "2367"]
[PlyCount "44"]
[EventDate "2004.09.26"]
[EventType "team"]
[EventRounds "11"]
[EventCountry "HUN"]
[SourceTitle "EXT 2008"]
[Source "ChessBase"]
[SourceDate "2007.11.25"]
[SourceVersion "1"]
[SourceVersionDate "2007.11.25"]
[SourceQuality "1"]
[WhiteTeam "Tapolca"]
[BlackTeam "Taban Spartacus"]
[WhiteTeamCountry "HUN"]
[BlackTeamCountry "HUN"]

1. d4 d5 2. c4 dxc4 3. e3 c5 4. Bxc4 e6 5. Nf3 Nf6 6. 0-0 a6 7. a4 b6 8. Qe2 Bb7 9. Rd1 Nbd7 10. Nc3 Qb8 11. b3 Be7 12. Ba3 0-0 13. e4 Re8 14. e5 Nd5 15. Ne4 cxd4 16. Bd6 Bxd6 17. Nxd6 Nc3 18. Qd3 Bxf3 19. Re1 Rd8 20. Nxf7 Kxf7 21. Qxh7 Bd5 22. Bd3 Nf8 0-1

[Event "HUN-chT2 0102"]
[Site "Hungary"]
[Date "2002.04.21"]
[Round "11"]
[White "Lehmann, Zoltan"]
[Black "Fusthy, Zsolt"]
[Result "1/2-1/2"]
[WhiteElo "2318"]
[BlackElo "2260"]
[PlyCount "59"]
[EventDate "2001.??.??"]
[EventType "team"]
[EventRounds "11"]
[EventCountry "HUN"]
[SourceTitle "EXT 2004"]
[Source "ChessBase"]
[SourceDate "2003.11.25"]
[SourceVersion "1"]
[SourceVersionDate "2003.11.25"]
[SourceQuality "1"]

1. d4 Nf6 2. c4 e6 3. Nc3 Bb4 4. Qc2 0-0 5. a3 Bxc3+ 6. Qxc3 b5 7. cxb5 c6 8. Bg5 cxb5 9. e3 Bb7 10. f3 Nc6 11. Bxb5 Rc8 12. Qd2 Na5 13. Bxf6 gxf6 14. Rd1 Qb6 15. Bd3 Nb3 16. Qb4 Qxb4+ 17. axb4 Nc1 18. Bb5 Na2 19. Ne2 Rc7 20. 0-0 Rb8 21. Nf4 Bxf3 22. Rxf3 Rxb5 23. d5 Nxb4 24. Nh5 Nxd5 25. e4 Nb6 26. Nxf6+ Kf8 27. Nxh7+ Kg7 28. Nf6 Rc2 29. Nxd7 Rg5 30. Rf2 1/2-1/2

[Event "HUN-chT2 0102"]
[Site "Hungary"]
[Date "2001.11.18"]
[Round "3"]
[White "Kosztolanczi, Gyula"]
[Black "Lehmann, Zoltan"]
[Result "0-1"]
[WhiteElo "2212"]
[BlackElo "2318"]
[PlyCount "70"]
[EventDate "2001.??.??"]
[EventType "team"]
[EventRounds "11"]
[EventCountry "HUN"]
[SourceTitle "EXT 2004"]
[Source "ChessBase"]
[SourceDate "2003.11.25"]
[SourceVersion "1"]
[SourceVersionDate "2003.11.25"]
[SourceQuality "1"]

1. e4 e6 2. d4 d5 3. Nd2 c5 4. Ngf3 Nf6 5. e5 Nfd7 6. c3 Nc6 7. Bd3 Qb6 8. 0-0 cxd4 9. cxd4 Nxd4 10. Nxd4 Qxd4 11. Nf3 Qb6 12. Qc2 h6 13. Bd2 Qd8 14. b4 Be7 15. Rfe1 Nb6 16. Nd4 Bd7 17. Qd1 Nc4 18. Bxc4 dxc4 19. Qg4 g6 20. Rac1 Rc8 21. a3 a5 22. bxa5 Bxa3 23. Rc2 Qe7 24. Ne2 Bb4 25. Qf4 Bxd2 26. Qxd2 Rc5 27. Nc3 Bc6 28. Ra2 Qc7 29. a6 bxa6 30. Rxa6 0-0 31. Qxh6 Rxe5 32. Rea1 Rh5 33. Qe3 Qxh2+ 34. Kf1 Bxg2+ 35. Ke2 Re5 0-1

[Event "HUN-chT2 0102"]
[Site "Hungary"]
[Date "2001.10.14"]
[Round "2"]
[White "Lehmann, Zoltan"]
[Black "Poor, Istvan"]
[Result "1-0"]
[WhiteElo "2318"]
[BlackElo "2329"]
[PlyCount "71"]
[EventDate "2001.??.??"]
[EventType "team"]
[EventRounds "11"]
[EventCountry "HUN"]
[SourceTitle "EXT 2004"]
[Source "ChessBase"]
[SourceDate "2003.11.25"]
[SourceVersion "1"]
[SourceVersionDate "2003.11.25"]
[SourceQuality "1"]

1. d4 g6 2. c4 Bg7 3. Nc3 d6 4. e4 Nc6 5. Be3 e5 6. d5 Nd4 7. Nge2 Bg4 8. Qd2 Bxe2 9. Bxe2 c5 10. dxc6 bxc6 11. 0-0 Ne7 12. c5 0-0 13. cxd6 Qxd6 14. Bc4 Kh8 15. b3 Rad8 16. Qb2 f5 17. f3 f4 18. Bf2 g5 19. Rad1 Ng6 20. Rd3 Qe7 21. Rfd1 h5 22. Ne2 c5 23. Nc3 g4 24. Nd5 Qg5 25. Kh1 Rd7 26. Qd2 g3 27. Bxg3 Nh4 28. Bxh4 Qxh4 29. b4 cxb4 30. Qxb4 Rc8 31. Rc3 Bf8 32. Qb2 Rg7 33. Bf1 Rxc3 34. Qxc3 Qf2 35. Nxf4 Nxf3 36. Nh3 1-0

[Event "HUN-chT2 Charousek 0001"]
[Site "Hungary"]
[Date "2001.04.22"]
[Round "11"]
[White "Brandics, Jozsef"]
[Black "Lehmann, Zoltan"]
[Result "0-1"]
[WhiteElo "2327"]
[BlackElo "2296"]
[PlyCount "88"]
[EventDate "2000.11.26"]
[EventType "team"]
[EventRounds "11"]
[EventCountry "HUN"]
[SourceTitle "EXT 2007"]
[Source "ChessBase"]
[SourceDate "2006.11.23"]
[SourceVersion "1"]
[SourceVersionDate "2006.11.23"]
[SourceQuality "1"]
[WhiteTeam "Ajka Banyasz"]
[BlackTeam "Szenna Pack"]
[WhiteTeamCountry "HUN"]
[BlackTeamCountry "HUN"]

1. d4 e6 2. Bf4 Nf6 3. c3 b6 4. Nd2 Bb7 5. Qc2 c5 6. e3 Be7 7. h3 Nc6 8. Ngf3 Rc8 9. a3 a6 10. Ne5 cxd4 11. Nxc6 dxc6 12. exd4 0-0 13. Bd3 c5 14. dxc5 Rxc5 15. Ne4 Bxe4 16. Bxe4 Rc4 17. f3 Nxe4 18. fxe4 Qa8 19. 0-0 Qxe4 20. Qxe4 Rxe4 21. Rad1 Re2 22. b4 Rc8 23. Rd7 Bf6 24. Rf3 Ra2 25. Be3 Rxa3 26. Bxb6 Raxc3 27. Rxc3 Bxc3 28. Bc5 h6 29. Rd3 Bf6 30. Ra3 Rc6 31. Kf2 Kh7 32. Ke3 Kg6 33. Ke4 Bh4 34. Kd4 f5 35. Kc4 f4 36. Kd3 Kf5 37. Ra5 e5 38. Kc4 Bd8 39. Kd5 Re6 40. Ra2 Bc7 41. Rc2 e4 42. Bf8 Be5 43. Rf2 e3 44. Re2 Re8 0-1

[Event "HUN-chT2 Charousek 0001"]
[Site "Hungary"]
[Date "2000.12.03"]
[Round "2"]
[White "Gara, Anita"]
[Black "Lehmann, Zoltan"]
[Result "0-1"]
[WhiteElo "2291"]
[BlackElo "2296"]
[PlyCount "134"]
[EventDate "2000.11.26"]
[EventType "team"]
[EventRounds "11"]
[EventCountry "HUN"]
[SourceTitle "EXT 2007"]
[Source "ChessBase"]
[SourceDate "2006.11.23"]
[SourceVersion "1"]
[SourceVersionDate "2006.11.23"]
[SourceQuality "1"]
[WhiteTeam "Budapest EAC"]
[BlackTeam "Szenna Pack"]
[WhiteTeamCountry "HUN"]
[BlackTeamCountry "HUN"]

1. e4 e5 2. Nf3 Nc6 3. Bb5 Nge7 4. 0-0 g6 5. c3 Bg7 6. d4 exd4 7. cxd4 d5 8. exd5 Nxd5 9. Re1+ Be6 10. Bxc6+ bxc6 11. Ng5 Qd6 12. Qg4 0-0 13. Qh4 h5 14. Nd2 Bf5 15. Ndf3 Nb4 16. Ne4 Qd8 17. Qxd8 Raxd8 18. Re2 Rde8 19. Nfd2 Nc2 20. Rb1 Nxd4 21. Re1 Bxe4 22. Rxe4 Rxe4 23. Nxe4 Re8 24. f3 Ne2+ 25. Kf1 Nxc1 26. Rxc1 Bxb2 27. Rxc6 Be5 28. Nf6+ Bxf6 29. Rxf6 Re6 30. Rf4 c5 31. Rc4 Rc6 32. Ke2 Kf8 33. Kd3 Ke7 34. Ra4 a6 35. Kc4 Kd6 36. Ra5 h4 37. Ra3 Rb6 38. Rd3+ Kc6 39. Rd2 Rb4+ 40. Kc3 Rf4 41. Rd3 Kb5 42. Re3 Ra4 43. Kb2 Rd4 44. Kc2 a5 45. g3 Rd7 46. Re8 hxg3 47. hxg3 f5 48. Rb8+ Kc4 49. Rb3 a4 50. Rc3+ Kb5 51. Re3 Rh7 52. f4 Rh2+ 53. Kb1 Rg2 54. Rf3 Kb4 55. Re3 Kc4 56. Ra3 Kb4 57. Re3 c4 58. Rf3 a3 59. Re3 Rb2+ 60. Ka1 Rd2 61. Re1 Rg2 62. Kb1 Rxg3 63. Rf1 Rg2 64. Ka1 Kc5 65. Kb1 Kd4 66. Rf3 c3 67. Rf1 Rb2+ 0-1

[Event "Pannon Cup 2nd"]
[Site "Kaposvar "]
[Date "2000.07.19"]
[Round "7"]
[White "Lehmann, Zoltan"]
[Black "Szabo, Zsolt Jozsef"]
[Result "0-1"]
[WhiteElo "2296"]
[BlackElo "2458"]
[PlyCount "64"]
[EventDate "2000.07.13"]
[EventType "swiss"]
[EventRounds "9"]
[EventCountry "HUN"]
[SourceTitle "EXT 2004"]
[Source "ChessBase"]
[SourceDate "2003.11.25"]
[SourceVersion "1"]
[SourceVersionDate "2003.11.25"]
[SourceQuality "1"]

1. d4 Nf6 2. c4 e6 3. Nc3 Bb4 4. Qc2 0-0 5. Bg5 d6 6. e3 Nbd7 7. Bd3 h6 8. Bh4 Bxc3+ 9. Qxc3 e5 10. f3 Qe7 11. e4 c5 12. d5 Re8 13. Bf2 Nh5 14. Ne2 Nf4 15. Nxf4 exf4 16. 0-0-0 Ne5 17. Bc2 a6 18. g3 Qf6 19. Rdf1 b5 20. gxf4 Qxf4+ 21. Be3 Qh4 22. Rhg1 b4 23. Qb3 a5 24. Bf2 Qf6 25. Bg3 a4 26. Bxe5 Rxe5 27. Qd3 b3 28. axb3 axb3 29. f4 Rh5 30. Qxb3 Ra1+ 31. Bb1 Rxh2 32. Qb8 Kh7 0-1